000 01221nam a2200325 i 4500
003 DO-SdBPM
005 20251204122848.0
007 ta
008 230516b2022 dr || |||| 00| 0 spa d
020 _a9789945510287
040 _aDO-SdBPM
_bspa
_cBPMSU
_erda
_d
082 4 _aRD861.08
_bI35r 2022
_222
245 0 0 _aInatrapable rumor del mar :
_bselección de poemas de talleristas puertoplateños /
_c corrección, Andrés Blanco Díaz ; presentación Andrés Ulloa, Nam Chevalier
264 _aSanto Domingo :
_bEditora Nacional,
_c2022.
300 _a202 páginas ;
_c22 cm.
336 _atexto
_btxt
_2rdacontent
337 _asin mediación
_2rdamedia
_bn
338 _avolumen
_bnc
_2rdacarrier
490 0 _aPoesía
500 _aFestival del Libro y la Cultura Puerto Plata 2022.
590 _aInventariado, 2025/VM
650 7 _aPoesía dominicana
_vAntología
650 7 _a Poetas dominicanos
_vAntología
650 7 _zPuerto Plata (República Dominicana )
_aCiudades y pueblos,
_vPoesía
700 1 _aBlanco Díaz, Andrés
_ecorrección
700 1 _aChevalier, Nam
_epresentación
700 1 _aUlloa, Andrés,
_epresentación
910 _aVMateo V. Control de calidad. BPMSU
942 _2ddc
_cBK
999 _c15560
_d15560